| 000 | 00704nam a22002177a 4500 | ||
|---|---|---|---|
| 001 | 114599 | ||
| 003 | DR-UNIBE | ||
| 005 | 20260423121225.0 | ||
| 008 | 260423b2008 pa ||||| |||| 00| 0 spa d | ||
| 020 | _a9789962670094 | ||
| 040 |
_aBIBLIOTECA UNIBE _bspa _cBIBLIOTECA UNIBE _erda |
||
| 041 | _aspa | ||
| 082 | _aF 5817 | ||
| 100 |
_aBarrios Cárdenas, Arlín _9204329 |
||
| 245 | 1 | 0 |
_aConociendo sobre la discapacidad / _cArlín Barrios Cárdenas |
| 260 |
_aPanamá : _bRepública de Panamá. Órgano Judicial, _c2008 |
||
| 300 | _a37 páginas | ||
| 650 | 7 |
_2lemb _aProblemas sociales _zPanamá _9204334 |
|
| 650 | 7 |
_2lemb _aPersonas con discapacidad _xCondiciones sociales _9204335 |
|
| 942 |
_2ddc _cMX |
||
| 999 |
_c114599 _d114599 |
||